Los defectos de la cosa en la compraventa civil y mercantil: el nuevo régimen jurídico de las faltas de conformidad según la Directiva 1999-44-CE

Zapisane w:
Opis bibliograficzny
1. autor: Orti Vallejo, Antonio (autor)
Format: Książka
Język:hiszpański
Wydane: Granada Comares 2002
Seria:Colección Estudios de Derecho Privado, 27
Hasła przedmiotowe:
Etykiety: Dodaj etykietę
Nie ma etykietki, Dołącz pierwszą etykiete!

MARC

LEADER 00000nam a2200000 a 4500
001 UCL8303
003 CL-VaPUC
008 040618e20020000SP |||||||||||||||||spa|d
020 |a 8484444317 
082 0 4 |a 346.46038  |b ORT  |2 21 
100 |a Orti Vallejo, Antonio  |e autor  |9 560895 
245 1 4 |a Los defectos de la cosa en la compraventa civil y mercantil: el nuevo régimen jurídico de las faltas de conformidad según la Directiva 1999-44-CE 
300 |a 216 p 
942 |c BK 
945 |d 20040618 00:00:00  |a cmena 
260 |a Granada  |b Comares  |c 2002 
650 0 |a Contratos  |9 255153 
650 0 |a Derecho civil español   |9 390729 
650 0 |a Jurisprudencia  |9 255952 
650 0 |a Responsabilidad contractual  |9 256720 
650 0 |a Compraventa  |9 255413 
651 0 |a España  |9 254926 
583 |a last modification  |c 20040618 00:00:00  |k Rodrigo Vera 
490 0 |a Colección Estudios de Derecho Privado, 27 
999 |c 309652  |d 309650 
952 |0 0  |1 0  |4 0  |6 346_460380000000000_ORT_2002  |7 0  |8 A  |9 377296  |a BIBDER  |b BIBDER  |d 2019-11-21  |i 402754K  |o 346.46038 ORT 2002  |p 402754K  |r 2023-01-25  |w 2019-11-21  |y BK  |k DER